LIBRARY & INFORMATION CENTRE, KCAET, TAVANUR

ONLINE PUBLIC ACCESS CATALOGUE (OPAC)

Petroleum Refinery Engineers Handbook / (Record no. 6865)

MARC details
000 -LEADER
fixed length control field 00302cam a2200121ua 4500
082 ## - DEWEY DECIMAL CLASSIFICATION NUMBER
Classification number 665.53
Item number STR/PE
100 ## - MAIN ENTRY--AUTHOR NAME
Personal name Strachan, J F .
245 ## - TITLE STATEMENT
Title Petroleum Refinery Engineers Handbook /
250 ## - EDITION STATEMENT
Edition statement 2 /
260 ## - PUBLICATION, DISTRIBUTION, ETC. (IMPRINT)
Place of publication London :
Name of publisher E & F N Spon limited ,
Year of publication 1955.
300 ## - PHYSICAL DESCRIPTION
Number of Pages 168 ; .
942 ## - ADDED ENTRY ELEMENTS (KOHA)
Koha item type Books
Holdings
Withdrawn status Lost status Damaged status Collection code Home library Current library Shelving location Date acquired Full call number Accession Number Koha item type
Withdrawn     Reference KAUAET KAUAET Reference 07/04/2012 665.53.STR/PE 3538 Reference
free website counter